| 000 | 02077nam a22001577a 4500 | ||
|---|---|---|---|
| 041 | _aukr | ||
| 080 | _a09 | ||
| 090 | _bСІЛ | ||
| 100 | _aСіліванова І.М. | ||
| 245 | _aЛінгвокраїнознавча основа фразеологічних одиниць на позначення "купівлі" та "подарунка" | ||
| 260 |
_aОстрог _bКАФ _c2010 |
||
| 300 | _a49 | ||
| 520 |
_aВСТУП
РОЗДІЛ 1 ЛІНГВОКРАЇНОЗНАВЧИЙ АСПЕКТ ЗНАЧЕННЯ СЛОВА
1.1 Культурно-історичний компонент значення слова.
1.2 Реалії та фонова лексика як основні лінгвокраїнознавчі елементи.
1.3 Лінгвокраїнознавчий аналіз як метод дослідження.
РОЗДІЛ 2 ОСНОВНІ ПОЛОЖЕННЯ ФРАЗЕОЛОГІЇ
2.1 Фразеологія як наука.
2.2 Семантика фразеологічних одиниць.
2.3 Природа фразеологізмів та їх компонентів.
РОЗДІЛ 3 ЛІНГВОКРАЇНОЗНАВЧИЙ АНАЛІЗ ФРАЗЕОЛОГІЧНИХ ОДИНИЦЬ НА ПОЗНАЧЕННЯ "КУПІВЛІ"
3.1 Лінгвокультурологічне та семантичне поле "купівля".
3.2 Етнолінгвістичний аналіз ФО на позначення "купівлі" у британській картині світу.
РОЗДІЛ 4 ЛІНГВОКРАЇНОЗНАВЧИЙ АНАЛІЗ ФРАЗЕОЛОГІЧНИХ ОДИНИЦЬ НА ПОЗНАЧЕННЯ "ПОДАРУНКА"
4.1 Лінгвокультурологічне та семантичне поле "подарунок".
4.2 Етнолінгвістичний аналіз ФО на позначення "подарунка" у британській картині світу.
ВИСНОВКИ _0фразеологія, лінгвокраїнознавчий аналіз, |
||
| 650 | _aResearch Papers | ||
| 999 |
_c284238 _d284238 |
||
| 942 | _cBK | ||